00813nam a22002177a 450000500170000001000150001702000260003203500130005803700130007108200150008424501160009926000900021527000670030530000240037250000400039652000260043665000290046270000370049170000240052871000430055220151019110231.0 aENG-113876 a9789322008116c695.00 aEN-97408 bDBAD/PUB a361.610954 aTowards just and equitable development : cedited by Rajiv BalakrishnanbDurgabai Deshmukh memorial lectures /  aNew DelhibKonark Publishers in association with Council for Social Developmentc2012 a206, First Floor, Pocket Lane, Shahpur Jat bNew Delhie110049 axxx,241p.c24cm(Hb) aIncludes bibliographical references aContributed articles. a Social planningzIndia. a Deshmukh, Durgabai,d1909-1981. aBalakrishnan, Rajiv aCouncil for Social Development (India)